[Event "GER-ch Amateurs"]
[Site "Bad Wildungen"]
[Date "2024.??.??"]
[Round "3"]
[White "Ferneding, Conrad"]
[Black "Lehmann, Michael"]
[Result "1-0"]
[WhiteElo "1780"]
[BlackElo "1731"]
[PlyCount "64"]
[EventDate "2024.08.03"]
[EventType "swiss"]
[EventRounds "5"]
[EventCountry "GER"]
[SourceTitle "CBM 221 Extra"]
[Source "ChessBase"]
[SourceDate "2024.09.30"]
[SourceVersion "1"]
[SourceVersionDate "2024.09.30"]
[SourceQuality "1"]

1. e4 c6 2. d4 d5 3. e5 Bf5 4. h4 h6 5. g4 Be6 6. Nh3 Qd7 7. f3 h5 8. Nf4 hxg4 9. Nxe6 Qxe6 10. fxg4 g6 11. g5 Qc8 12. Nc3 e6 13. Ne2 Ne7 14. Be3 Nf5 15. Bf2 Nd7 16. Nf4 c5 17. Bd3 Ng7 18. c3 Qc6 19. Nxg6 fxg6 20. Bxg6+ Kd8 21. h5 Be7 22. Qg4 Kc7 23. 0-0-0 Raf8 24. Be3 cxd4 25. Bxd4 Nf5 26. Kb1 Kb8 27. Bxf5 Rxf5 28. g6 Rg5 29. Qf4 Rf5 30. g7 Rg8 31. Qh6 Qc8 32. Qxe6 Qd8 1-0

[Event "GER-ch Amateurs"]
[Site "Bad Wildungen"]
[Date "2024.??.??"]
[Round "2"]
[White "Schmitt, Philipp1"]
[Black "Ferneding, Conrad"]
[Result "1/2-1/2"]
[WhiteElo "1690"]
[BlackElo "1780"]
[PlyCount "46"]
[EventDate "2024.08.03"]
[EventType "swiss"]
[EventRounds "5"]
[EventCountry "GER"]
[SourceTitle "CBM 221 Extra"]
[Source "ChessBase"]
[SourceDate "2024.09.30"]
[SourceVersion "1"]
[SourceVersionDate "2024.09.30"]
[SourceQuality "1"]

1. Nf3 Nc6 2. g3 e5 3. d3 d5 4. Bg2 Nf6 5. 0-0 Be7 6. Nbd2 0-0 7. e4 Be6 8. Re1 dxe4 9. Nxe4 Nxe4 10. dxe4 Bc5 11. Bg5 f6 12. Be3 Qe7 13. Qe2 Rfd8 14. a3 Nd4 15. Nxd4 Bxd4 16. Bxd4 Rxd4 17. Rad1 Rad8 18. Rxd4 Rxd4 19. Rd1 Rxd1+ 20. Qxd1 Qd6 21. Qxd6 cxd6 22. f4 Kf7 23. Kf2 b6 1/2-1/2